000
00245nam a2200097Ia 4500
001
1144232
005
20250827010210.0
008
250824s9999 xx 000 0 und d
245
0
_a
GENÇLERİ ANLAMAK
_c
HALUK YAVUZER
260
_b
REMZİ KİTABEVİ
999
_c
1144232
_d
1144232